| 000 | 00842cam a2200181 4500 | ||
|---|---|---|---|
| 001 | WB3825-18 | ||
| 008 | 020711n2002 000 0 eng u | ||
| 035 | _a(Sirsi) u118788 | ||
| 245 | _aFirst-time buyers boost market | ||
| 260 | _c2002 | ||
| 490 |
_aEstate Agency News _v June 2002, 28(1) |
||
| 520 | _aAlliance and Leicester building society has recently published "Movingimproving" index, which highlights that 29% of people in their 20s intend to buy a home in next two years, whilst older people are reluctant to move. Full report available from www.alliance-leicester-group.co.uk/non-html/loader.asp?d=media&p=latest-press-releases.asp | ||
| 590 | _aWB | ||
| 650 | _aESTATE AGENTS | ||
| 650 | _aPROPERTY-RESIDENTIAL PROPERTY-ACQUISITION AND DISPOSAL OF RESIDENTIAL PROPERTY | ||
| 690 |
_aPROPERTY MANAGEMENT _96262 |
||
| 942 | _n0 | ||
| 999 |
_c70722 _d70722 |
||